LEADER 01350nam a2200301 u 4500 001 000000035459 003 CaOOAMICUS 005 20070226112604.0 008 980225s1954 gw u000 u ger u 035 $a10784327 040 $aPUL(R)$bita 245 00$aLehrbuch des Kirchenrechts auf Grund des Codex Iuris Canonici /$cbegründet von Eduard Eichmann neu bearbeitet von Klaus Mörsdorf. 250 $a7. verbesserte und vermehrte Auflage 260 $aPaderborn :$bSchöningh,$c1954. 300 $av. : ;$c25 cm 490 1 $aWissenschaftliche Handbibliothek 500 $aInclude indici. 504 $aBibliografia a piè pagina. 505 1 $aIII. Band: Prozess und Strafrecht Personenrecht 650 4$aDiritto canonico.$0(OLS)http://pul/subject/1294 700 1 $aMörsdorf, Klaus,$d1909-1989.$0(OLS)http://pul/name/7856 700 1 $aEichmann, Eduard,$d1870-1946.$0(OLS)http://pul/name/7855 830 0$aWissenschaftliche Handbibliothek.$0(OLS)http://pul/title/48473 850 $aPUL 852 $aPUL$W1$xSL Diritto Canonico 1$y5$m164 F 22$j48563$nBK-PRI$b $qStampati$B48563$CPULBib$Z2$F48563 $H $81 941 1 $a8 996 $6245$aLehrbuch des Kirchenrechts auf Grund des Codex Iuris Canonici$9(OLS)http://pul/title/48475 996 $6260$aPaderborn :$bSchöningh$9(OLS)http://pul/publisher/52607 LEADER 01031naa a2200217 u 4500 001 000000098583 003 CaOOAMICUS 005 20070226130155.0 008 050602s1990 it u000 u ita u 035 $a11048168 040 $aIAR$bita 100 1 $aFergonzi, Flavio.$0(OLS)http://pul/name/62106 245 10$aStoria e fonti del >Figliuol prodigo< di Arturo Martini /$cFlavio Fergonzi. 260 $aPisa :$bScuola Normale,$c1990. 300 $aS. 603-646 ;$c25 cm 600 14$aMartini, Arturo,$d1889-1947.$0(OLS)http://pul/subject/31405 730 0 $aAnnali della Scuola normale superiore di Pisa, Classe di lettere e filosofia$g[Spogli].$0(OLS)http://pul/title/24292 773 0 $tAnnali della Scuola Normale Superiore di Pisa$gSerie III, vol. XX,2/3 (1990) 773 0 $tAnnali della Scuola normale superiore di Pisa, Classe di lettere e filosofia$w()16982 996 $6245$aStoria e fonti del >Figliuol prodigo< di Arturo Martini$9(OLS)http://pul/title/125460 996 $6260$aPisa :$bScuola Normale$9(OLS)http://pul/publisher/79182 LEADER 00959naa a2200217 u 4500 001 000000094572 003 CaOOAMICUS 005 20070226130139.0 008 040504s1974 it u000 u ita u 035 $a10993407 040 $aIAR$bita 100 1 $aIsella, Dante,$d1922-2007.$0(OLS)http://pul/name/10272 245 11$a"Salutami tanto il maestro ... " :$bLettere di T. Grossi e L. Rossari (1823-1837) /$cDante Isella. 260 $aPadova :$bAntenore,$c1974. 300 $aS. 457-520, ;$c25 cm 600 14$aGrossi, Tommaso,$d1791-1853$xCorrispondenza.$0(OLS)http://pul/subject/30184 600 14$aRossari, L.$0(OLS)http://pul/subject/30185 773 0 $aTra latino e volgare : Per Carlo Dionisotti. 773 0 $tTra latino e volgare : per Carlo Dionisotti$w()19450 996 $6245$a"Salutami tanto il maestro ... " :$bLettere di T. Grossi e L. Rossari (1823-1837)$9(OLS)http://pul/title/121440 996 $6260$aPadova :$bAntenore$9(OLS)http://pul/publisher/48020